Biggie or Tupac? - Statistics

General Stats
  • This quiz has been taken 637 times
  • The average score is 12 of 15
Answer Stats
Question Answer % Correct
California Love Tupac
100%
Juicy Biggie
96%
Hypnotize Biggie
96%
Ambitionz az a Ridah Tupac
95%
Hit Em Up Tupac
95%
Can't C Me Tupac
88%
Who Shot Ya Biggie
87%
So Many Tears Tupac
78%
I Ain't Mad at Cha Tupac
77%
Suicidal Thoughts Biggie
73%
Kick in the Door Biggie
69%
Sky's the Limit Biggie
65%
One More Chance Biggie
63%
Lil' Homies Tupac
63%
Runnin' Biggie
29%
No matching quizzes found
Score Distribution
Percent of People with Each Score
Percentile by Number Answered
Your Score History
You have not taken this quiz